| 000 | 01279nam a22003137a 4500 | ||
|---|---|---|---|
| 001 | 7655 | ||
| 003 | FISKH | ||
| 005 | 20250729162222.0 | ||
| 008 | 250729b cb ||||| |||| 00| 0 eng d | ||
| 020 | _a9780816777150 | ||
| 040 |
_aFISKH _beng _cFISKH _dFISKH |
||
| 050 | _aPZ7 | ||
| 082 | _a258 | ||
| 100 | _aAcey, Mark | ||
| 245 |
_aGarfield's Christmas tales / _cCreated by Jim Davis : Written by Mark Acey and Jim Kraft : Designed and Illustrated by Mike Fentz |
||
| 250 | _aThis edition published in 2002. | ||
| 260 |
_aMahwah : _bTroll Communications L.L.C. , _c1995. |
||
| 300 |
_a32 pages : _bcolor illustrations ; _c27 cm . |
||
| 490 | _aGarfield | ||
| 505 | _aJ | ||
| 520 | _aYou better watch out, you better not cry . . . Garfield is coming to town in this rib-tickling collection of Christmas tales! Whether he's waging the year's biggest snowball fight, serving as Santa's hungry little helper, or saving Christmas from weird space aliens, Garfield will always find a way to keep the ho-ho-ho in the holidays! | ||
| 521 | 8 |
_a500
_bLexile estimate |
|
| 521 | 8 |
_aJ
_bRaz-Plus |
|
| 650 |
_aCartoons and comics _vFiction |
||
| 650 |
_aChristmas _vFiction |
||
| 700 |
_aFentz, Mike _eIllustrator |
||
| 942 |
_2ddc _cBK _n0 |
||
| 999 |
_c7655 _d7655 |
||